| Tag |
First Indicator |
Second Indicator |
Subfields |
| LEADER |
00000cam a2200000 a 4500 |
| 001 |
in00000552178 |
| 005 |
20190207094553.0 |
| 008 |
820723s1950 txua 00100 eng d |
| 035 |
|
|
|a (OCoLC)08624199
|
| 035 |
|
|
|9 ACJ5851AM
|
| 040 |
|
|
|a IXA
|c IXA
|d TXA
|d UtOrBLW
|
| 049 |
|
|
|a TXAS
|c [A08922520]
|
| 090 |
|
|
|a SB451.34.T4
|b G28 1950
|
| 245 |
0 |
2 |
|a A garden book for Houston.
|
| 250 |
|
|
|a Rev. ed.
|
| 264 |
|
1 |
|a Houston, Tex. :
|b River Oaks Garden Club,
|c 1950.
|
| 300 |
|
|
|a 145 pages :
|b illustrations ;
|c 24 cm.
|
| 336 |
|
|
|a text
|b txt
|2 rdacontent
|
| 337 |
|
|
|a unmediated
|b n
|2 rdamedia
|
| 338 |
|
|
|a volume
|b nc
|2 rdacarrier
|
| 500 |
|
|
|a The Cushing Library/Chapman Texas Collection copy is part of the Floyd & Louise Chapman Texas & Borderlands Collection.
|5 TXA
|
| 500 |
|
|
|a Includes index.
|
| 536 |
|
|
|a This book is given through the estate of M.D. "Bert" Wheeler, College Station, TX, 1999.
|
| 610 |
2 |
0 |
|a River Oaks Garden Club (Houston)
|
| 650 |
|
0 |
|a Gardening
|z Texas
|z Houston Region.
|
| 999 |
|
|
|a MARS
|
| 999 |
f |
f |
|s 67336cd3-d9a6-3db7-bddf-820161b35614
|i 2fa9f6b1-4cbd-3e5c-a0cb-6c95f2e66614
|t 0
|
| 952 |
f |
f |
|p noncirc
|a Texas A&M University
|b College Station
|c Cushing Memorial Library & Archives
|d Cushing: Chapman Texas Collection (Does not check out)
|t 0
|e SB451.34.T4 G28 1950
|h Library of Congress classification
|i unmediated -- volume
|m A14808922520
|
| 952 |
f |
f |
|p ric
|a Texas A&M University
|b Rellis Campus
|c Joint Library Facility
|d Remote Storage
|t 0
|e SB451.34.T4 G28 1950
|h Library of Congress classification
|i unmediated -- volume
|m A14826960039
|
| 998 |
f |
f |
|a SB451.34.T4 G28 1950
|t 0
|l Cushing: Chapman Texas Collection (Does not check out)
|
| 998 |
f |
f |
|a SB451.34.T4 G28 1950
|t 0
|l Remote Storage
|